Pro / ENGINEER instructor

Đã lưu trong:
Sonraí Bibleagrafaíochta
Príomhúdar: Kelley, David S.
Formáid: Leabhar
Teanga:Undetermined
Foilsithe: Boston, Mass. McGraw Hill 2001
Ábhair:
Clibeanna: Cuir Clib Leis
Gan Chlibeanna, Bí ar an gcéad duine leis an taifead seo a chlibeáil!
Thư viện lưu trữ: Trung tâm Học liệu Trường Đại học Cần Thơ
LEADER 00508nam a2200181Ia 4500
001 CTU_109757
008 210402s9999 xx 000 0 und d
082 |a 620.00420285 
082 |b K29 
100 |a Kelley, David S. 
245 0 |a Pro / ENGINEER instructor 
245 0 |c David S. Kelley 
260 |a Boston, Mass. 
260 |b McGraw Hill 
260 |c 2001 
650 |a Computer-aided design,Mechanical drawing 
904 |i Năm, Q. Hieu 
980 |a Trung tâm Học liệu Trường Đại học Cần Thơ